Ecological indicators

Αποθηκεύτηκε σε:
Λεπτομέρειες βιβλιογραφικής εγγραφής
Συγγραφή απο Οργανισμό/Αρχή: International Symposium on Ecological Indicators : Fort Lauderkale
Άλλοι συγγραφείς: McKenzie, Daniel H. (Επιμελητής έκδοσης), Hyatt, D. Eric (Επιμελητής έκδοσης), McDonald, V. Janet (Επιμελητής έκδοσης)
Μορφή: Πρακτικό Συνεδρίου Βιβλίο
Γλώσσα:English
Δημοσίευση: London; New York : Elsevier Applied Science, 1992
Θέματα:
Ετικέτες: Προσθήκη ετικέτας
Δεν υπάρχουν, Καταχωρήστε ετικέτα πρώτοι!

MARC

LEADER 00000nam a2200000 i 4500
001 1/93354
008 940509s1992 eng d
020 |a 1-85166-722-9 
035 |l 10008802 
040 |a GR-MY-UA  |b gre  |e aacr 
041 0 |a eng 
082 0 |a 363.7063  |2 (22) 
111 2 |a International Symposium on Ecological Indicators  |d (1990  |c : Fort Lauderkale) 
245 1 0 |a Ecological indicators /  |c edited by Daniel H. McKenzie; D. Eric Hyatt; V. Janet McDonald 
260 |a London; New York :   |b Elsevier Applied Science,   |c 1992 
300 |a 148 p.  |b tables; fig. 
504 |a Includes bibliographical references and index 
650 0 0 |a Environmental indicators  |x Congresses. 
650 0 0 |a Indicators (Biology)  |x Congresses. 
700 1 |a McKenzie, Daniel H.  |4 edt 
700 1 |a Hyatt, D. Eric.  |4 edt 
700 1 |a McDonald, V. Janet.  |4 edt 
852 |a INST  |b LESVOS  |e 19940509  |h 363.7063 ECO  |p 005100006164  |q 005100006164  |t BK  |y 0  |z τ.1 
852 |a INST  |b LESVOS  |e 19940509  |h 363.7063 ECO  |p 005100006165  |q 005100006165  |t BK  |y 0  |z τ.2 
852 |a INST  |b LESVOS  |e 19940509  |h 363.7063 ECO  |p 005100006164  |q 005100006164  |t BK  |v τ.1:  |y 0  |z τ.1 
852 |a INST  |b LESVOS  |e 19940509  |h 363.7063 ECO  |p 005100006165  |q 005100006165  |t BK  |v τ.2:  |y 0  |z τ.2 
853 |a INST  |b LESVOS  |h 363.7063 ECO 
909 |a Λ  |b 034027 
909 |a Λ  |b 034028